000
00329nam a22001457a 4500
003
SGT
020
_a
9788126521791
082
_a
343.0999,GOD
100
_a
GODBOLE, NINA.
245
_a
CYBER SECURITY UNDERSTANDING CYBER
260
_a
NEW DELHI
_b
WILEY
_c
2016
300
_a
570
650
_a
CYBER SECURITY
942
_2
ddc
_c
BK
_0
1
999
_c
10317
_d
10317